[Event "24th NATO Chess Championship"]
[Site "Rynia"]
[Date "2013.08.14"]
[Round "4.28"]
[White "Csizmadia, Csaba"]
[Black "Andersen, Hans Christoph"]
[Result "1/2-1/2"]
[WhiteElo "1855"]
[BlackElo "2238"]
[PlyCount "74"]
[EventDate "2013.08.??"]
[EventType "swiss"]
[EventRounds "7"]
[EventCountry "POL"]
[WhiteTeam "HUN"]
[BlackTeam "GER"]
[WhiteTeamCountry "HUN"]
[BlackTeamCountry "GER"]

1. d4 f5 2. g3 Nf6 3. Bg2 g6 4. c4 Bg7 5. Nc3 O-O 6. Nh3 d6 7. O-O Na6 8. Qa4
e5 9. dxe5 dxe5 10. Rd1 Qe8 11. Qc2 c6 12. b3 Nb4 13. Qb1 Rf7 14. a3 Na6 15.
Ng5 Rd7 16. Bb2 h6 17. Nf3 e4 18. Ne1 Rxd1 19. Qxd1 Be6 20. Qc2 Rd8 21. Rd1 Ng4
22. Na4 Rxd1 23. Qxd1 Qd7 24. Qxd7 Bxd7 25. Bxg7 Kxg7 26. f3 exf3 27. Bxf3 Ne5
28. Bg2 b5 29. cxb5 cxb5 30. Nc3 Nc5 31. b4 Nb3 32. Nc2 a5 33. Bd5 axb4 34.
axb4 Nc4 35. Kf2 Kf6 36. Ne3 Nbd2 37. Nxc4 Nxc4 1/2-1/2

[Event "24th NATO Chess Championship"]
[Site "Rynia"]
[Date "2013.08.14"]
[Round "4.29"]
[White "Oltean, Gusztav"]
[Black "Lambruschini, Alex"]
[Result "1-0"]
[WhiteElo "2084"]
[BlackElo "1811"]
[PlyCount "143"]
[EventDate "2013.08.??"]
[EventType "swiss"]
[EventRounds "7"]
[EventCountry "POL"]
[WhiteTeam "HUN"]
[BlackTeam "CAN"]
[WhiteTeamCountry "HUN"]
[BlackTeamCountry "CAN"]

1. c4 c5 2. Nf3 Nf6 3. d4 e6 4. Nc3 cxd4 5. Nxd4 Bb4 6. Bd2 O-O 7. e3 b6 8. Be2
Bb7 9. O-O Be7 10. Bf3 Qc8 11. b3 d6 12. e4 h6 13. g3 Rd8 14. Rc1 Nbd7 15. Bg2
e5 16. Nf5 Bf8 17. Nd5 Bxd5 18. cxd5 Qa6 19. Bb4 Nc5 20. Bxc5 bxc5 21. Qc2 Qb7
22. Rfe1 g6 23. Ne3 h5 24. Nc4 Bh6 25. Rb1 a5 26. Bf1 Kg7 27. a3 h4 28. Qc3
hxg3 29. fxg3 Qc7 30. Rb2 Rdb8 31. Bd3 Ng4 32. Be2 Nf6 33. Qf3 Nh7 34. h4 Qd7
35. Bd1 f5 36. exf5 gxf5 37. Rf2 f4 38. g4 Kh8 39. g5 Rg8 40. Rg2 Nxg5 41. hxg5
Rxg5 42. Rxg5 Bxg5 43. Qh5+ Qh7 44. Nxd6 Qxh5 45. Bxh5 Bf6 46. Nf7+ Kh7 47.
Nxe5 Rg8+ 48. Kf1 Rg5 49. Nd7 Bd4 50. Re7+ Kh6 51. Bf3 Rg1+ 52. Ke2 Rb1 53.
Re6+ Kg5 54. Nf8 Rb2+ 55. Kd1 Rb1+ 56. Kc2 Rb2+ 57. Kc1 Rxb3 58. d6 Rxf3 59. d7
Be3+ 60. Rxe3 fxe3 61. d8=Q+ Kg4 62. Qd1 Kg3 63. Qg1+ Kh3 64. Ne6 Rg3 65. Qh1+
Kg4 66. Qe4+ Kh3 67. Nf4+ Kh2 68. Qh7+ Kg1 69. Ne2+ Kf2 70. Nxg3 Kxg3 71. Kd1
Kf2 72. Qh4+ 1-0

[Event "24th NATO Chess Championship"]
[Site "Rynia"]
[Date "2013.08.14"]
[Round "4.30"]
[White "Keough, Robert W"]
[Black "Ozturk, Ali"]
[Result "1-0"]
[WhiteElo "2077"]
[BlackElo "1763"]
[PlyCount "89"]
[EventDate "2013.08.??"]
[EventType "swiss"]
[EventRounds "7"]
[EventCountry "POL"]
[WhiteTeam "USA"]
[BlackTeam "NATO"]
[WhiteTeamCountry "USA"]

1. e4 c5 2. d4 cxd4 3. c3 dxc3 4. Nxc3 d6 5. Bc4 e6 6. Nf3 Nc6 7. O-O Nf6 8.
Qe2 a6 9. Rd1 b5 10. Bb3 Qc7 11. Bg5 Be7 12. Rac1 Qb6 13. Be3 Qb7 14. Bf4 b4
15. Nd5 exd5 16. exd5 Ne5 17. Nxe5 O-O 18. Nc6 Re8 19. Nxe7+ Rxe7 20. Qd3 Ne4
21. f3 Nc5 22. Rxc5 dxc5 23. d6 Rd7 24. Bd5 Qa7 25. Bxa8 Qxa8 26. Qe3 Bb7 27.
Re1 h6 28. Qxc5 a5 29. Re5 f6 30. Re1 Bd5 31. b3 Qa7 32. Be3 Qxc5 33. Bxc5 Rb7
34. Kf2 a4 35. bxa4 Bxa2 36. Bxb4 Kf7 37. Re7+ Rxe7 38. dxe7 Ke8 39. Ke3 Kd7
40. Kd4 Bb3 41. a5 Bf7 42. a6 Kc7 43. a7 Kb7 44. Bc5 Be8 45. Kd5 1-0

[Event "24th NATO Chess Championship"]
[Site "Rynia"]
[Date "2013.08.14"]
[Round "4.31"]
[White "Morrison, Munroe L"]
[Black "Hernandez, Albertryan"]
[Result "1/2-1/2"]
[WhiteElo "1851"]
[BlackElo "2077"]
[PlyCount "73"]
[EventDate "2013.08.??"]
[EventType "swiss"]
[EventRounds "7"]
[EventCountry "POL"]
[WhiteTeam "ENG"]
[BlackTeam "USA"]
[WhiteTeamCountry "ENG"]
[BlackTeamCountry "USA"]

1. e4 e6 2. f4 d5 3. e5 c5 4. c3 Nc6 5. Nf3 c4 6. d3 cxd3 7. Bxd3 Bc5 8. Qe2
Nge7 9. Be3 Qb6 10. Bxc5 Qxc5 11. Qf2 Qa5 12. Nbd2 O-O 13. O-O f6 14. Qh4 Nf5
15. Bxf5 exf5 16. Nb3 Qd8 17. Rfe1 fxe5 18. Qxd8 Rxd8 19. Nxe5 Bd7 20. Rad1 Be8
21. Nc5 Rab8 22. Ne6 Rd6 23. Nd4 g6 24. Nef3 Nxd4 25. Rxd4 Rbd8 26. Re7 Bc6 27.
Ne5 Rf6 28. Kf2 a6 29. Rb4 d4 30. Nxc6 bxc6 31. Rbb7 h5 32. cxd4 Rxd4 33. Re8+
Rf8 34. Ree7 Rf6 35. Re8+ Rf8 36. Ree7 Rf6 37. Re8+ 1/2-1/2

[Event "24th NATO Chess Championship"]
[Site "Rynia"]
[Date "2013.08.14"]
[Round "4.33"]
[White "Langer, Herb"]
[Black "Maes, Patrick"]
[Result "0-1"]
[WhiteElo "1721"]
[BlackElo "2017"]
[PlyCount "40"]
[EventDate "2013.08.??"]
[EventType "swiss"]
[EventRounds "7"]
[EventCountry "POL"]
[WhiteTeam "CAN"]
[BlackTeam "BEL"]
[WhiteTeamCountry "CAN"]
[BlackTeamCountry "BEL"]

1. c4 g6 2. g3 Bg7 3. Bg2 e5 4. Nc3 f5 5. e4 Nf6 6. d3 O-O 7. Nge2 d6 8. Qb3
Nbd7 9. O-O Nc5 10. Qc2 a5 11. Be3 c6 12. d4 Ncxe4 13. Nxe4 Nxe4 14. Bxe4 fxe4
15. Qxe4 Bf5 16. Qg2 Bd3 17. Rfe1 Bxc4 18. dxe5 Bxe5 19. Bd4 Bxe2 20. Bxe5 Bf3
0-1

[Event "24th NATO Chess Championship"]
[Site "Rynia"]
[Date "2013.08.14"]
[Round "4.34"]
[White "Lord, Daniel"]
[Black "Waruga, Wojciech"]
[Result "0-1"]
[WhiteElo "1607"]
[BlackElo "2008"]
[PlyCount "76"]
[EventDate "2013.08.??"]
[EventType "swiss"]
[EventRounds "7"]
[EventCountry "POL"]
[WhiteTeam "CAN"]
[BlackTeam "NATO"]
[WhiteTeamCountry "CAN"]

1. d4 d5 2. c4 c6 3. Nf3 Nf6 4. g3 dxc4 5. Bg2 Nbd7 6. O-O e6 7. a3 b5 8. Ne5
Nxe5 9. dxe5 Qxd1 10. Rxd1 Nd5 11. f4 Bc5+ 12. Kh1 Bb7 13. e4 Nc7 14. f5 Rd8
15. Rxd8+ Kxd8 16. Bg5+ Kc8 17. Bf4 Bd4 18. Ra2 c5 19. Bf3 exf5 20. Nd2 fxe4
21. Bxe4 Ne6 22. Bxb7+ Kxb7 23. Ne4 Kc6 24. a4 b4 25. Nd6 Kd5 26. Nxf7 Rf8 27.
Nd6 Nxf4 28. gxf4 Rxf4 29. a5 h5 30. Nb5 h4 31. Nxa7 h3 32. Ra1 Bxb2 33. Rd1+
Bd4 34. Nb5 Kc6 35. Nxd4+ Rxd4 36. Rxd4 cxd4 37. e6 b3 38. e7 Kd7 0-1

[Event "24th NATO Chess Championship"]
[Site "Rynia"]
[Date "2013.08.14"]
[Round "4.35"]
[White "Kocur, Marc"]
[Black "Tremblay, Mario"]
[Result "1-0"]
[WhiteElo "1866"]
[BlackElo "1466"]
[PlyCount "46"]
[EventDate "2013.08.??"]
[EventType "swiss"]
[EventRounds "7"]
[EventCountry "POL"]
[WhiteTeam "BEL"]
[BlackTeam "CAN"]
[WhiteTeamCountry "BEL"]
[BlackTeamCountry "CAN"]

1. Nf3 d6 2. g3 Nc6 3. Bg2 e5 4. d3 h6 5. c4 Nge7 6. Nc3 g6 7. Rb1 Bg7 8. b4
Nf5 9. e3 O-O 10. b5 Nb8 11. a4 Nd7 12. O-O Ne7 13. Qc2 f5 14. a5 Rb8 15. Nd5
Nxd5 16. cxd5 Nf6 17. Qc4 g5 18. Bb2 Bd7 19. Nxe5 dxe5 20. d6+ Kh7 21. dxc7 Qe7
22. cxb8=Q Rxb8 23. Qc7 b6 1-0

[Event "24th NATO Chess Championship"]
[Site "Rynia"]
[Date "2013.08.14"]
[Round "4.36"]
[White "Bublys, Vaidotas"]
[Black "Patron, Pascal"]
[Result "1/2-1/2"]
[WhiteElo "1822"]
[BlackElo "1978"]
[PlyCount "75"]
[EventDate "2013.08.??"]
[EventType "swiss"]
[EventRounds "7"]
[EventCountry "POL"]
[WhiteTeam "LTU"]
[BlackTeam "FRA"]
[WhiteTeamCountry "LTU"]
[BlackTeamCountry "FRA"]

1. e4 d5 2. exd5 Qxd5 3. Nc3 Qa5 4. d4 Nf6 5. Nf3 Bg4 6. Be2 e6 7. Bd2 c6 8. a3
Qb6 9. Na4 Qc7 10. O-O Nbd7 11. c4 Ne4 12. Be3 Rd8 13. Qc2 Ndf6 14. Nc3 Nxc3
15. Qxc3 Bd6 16. h3 Bh5 17. Qc2 Bf4 18. Ne1 Bxe3 19. fxe3 Qg3 20. Bf3 Bg6 21.
Qe2 O-O 22. Nd3 Bxd3 23. Qxd3 Rfe8 24. Bd1 c5 25. Rf4 e5 26. Rxf6 gxf6 27. d5
e4 28. Qe2 f5 29. Qf2 Qe5 30. Ba4 Re7 31. Rf1 Rd6 32. Bd1 a5 33. a4 Rf6 34. g3
Kf8 35. b3 Rg6 36. Kh2 Qc3 37. Qf4 Qd2+ 38. Qf2 1/2-1/2

[Event "24th NATO Chess Championship"]
[Site "Rynia"]
[Date "2013.08.14"]
[Round "4.37"]
[White "Tikerpuu, Mati"]
[Black "Giedraitis, Mingaudas"]
[Result "0-1"]
[WhiteElo "1950"]
[BlackElo "1817"]
[PlyCount "102"]
[EventDate "2013.08.??"]
[EventType "swiss"]
[EventRounds "7"]
[EventCountry "POL"]
[WhiteTeam "EST"]
[BlackTeam "LTU"]
[WhiteTeamCountry "EST"]
[BlackTeamCountry "LTU"]

1. b4 e6 2. Bb2 d5 3. e3 Nf6 4. b5 Be7 5. Be2 c5 6. Nf3 O-O 7. h4 Bd7 8. h5 h6
9. Ne5 Ne4 10. d3 Nd6 11. a4 a6 12. c4 Be8 13. Nd2 Nd7 14. Ndf3 Nxe5 15. Nxe5
Bf6 16. g4 Qa5+ 17. Kf1 Rd8 18. Qb3 Qc7 19. b6 Qe7 20. Bf3 Nc8 21. Bg2 Bxe5 22.
Bxe5 Bc6 23. f4 dxc4 24. dxc4 Bxg2+ 25. Kxg2 Rd2+ 26. Kf3 Rfd8 27. g5 Qd7 28.
Ra3 Qc6+ 29. e4 Nd6 30. Re1 Nf5 31. gxh6 f6 32. Bxf6 gxf6 33. Qb1 Kh7 34. Rg1
Nd4+ 35. Kg4 Ne2 36. Kh4 Nxg1 37. Qxg1 Rg8 38. Rg3 Qe8 39. Rg7+ Kh8 40. Qg4 Rd7
41. Qg6 Qxg6 42. Rxg6 Rd1 43. f5 exf5 44. exf5 Kh7 45. Kg4 Rxg6+ 46. hxg6+ Kxh6
47. Kf3 Rd4 48. Ke3 Rxc4 49. Kd3 Rxa4 50. Kc3 Rf4 51. Kd3 Rxf5 0-1

[Event "24th NATO Chess Championship"]
[Site "Rynia"]
[Date "2013.08.14"]
[Round "4.38"]
[White "Ulusoy, Mustafa"]
[Black "Geerts, Luc"]
[Result "1-0"]
[WhiteElo "1696"]
[BlackElo "1617"]
[PlyCount "55"]
[EventDate "2013.08.??"]
[EventType "swiss"]
[EventRounds "7"]
[EventCountry "POL"]
[WhiteTeam "NATO"]
[BlackTeam "BEL"]
[BlackTeamCountry "BEL"]

1. d4 d5 2. c4 c6 3. Nc3 Nf6 4. Nf3 e6 5. Bg5 Be7 6. e3 Nbd7 7. Rc1 O-O 8. Bd3
Nh5 9. Bxe7 Qxe7 10. O-O Nhf6 11. Qc2 h6 12. Rfe1 e5 13. cxd5 cxd5 14. dxe5
Nxe5 15. Nxe5 Qxe5 16. Ne2 Ng4 17. Ng3 Be6 18. Qc3 Qg5 19. Qd4 b6 20. h3 Nf6
21. Rc7 Nd7 22. Rec1 Nc5 23. Be2 Qd8 24. Nh5 Qg5 25. h4 Qg6 26. Nf4 Qf5 27. b4
Na6 28. Bxa6 1-0

[Event "24th NATO Chess Championship"]
[Site "Rynia"]
[Date "2013.08.14"]
[Round "4.39"]
[White "Hale, Katie"]
[Black "Allmann, Lauri"]
[Result "1-0"]
[WhiteElo "1583"]
[BlackElo "1900"]
[PlyCount "93"]
[EventDate "2013.08.??"]
[EventType "swiss"]
[EventRounds "7"]
[EventCountry "POL"]
[WhiteTeam "ENG"]
[BlackTeam "EST"]
[WhiteTeamCountry "ENG"]
[BlackTeamCountry "EST"]

1. e4 c5 2. Nf3 Nc6 3. d4 cxd4 4. Nxd4 e5 5. Nf3 Nf6 6. Nbd2 d6 7. Bb5 a6 8.
Ba4 b5 9. Bb3 Be6 10. O-O Bxb3 11. axb3 Be7 12. Re1 O-O 13. Nb1 Qc7 14. Nc3 Nb4
15. Bg5 Rfc8 16. Qd2 Qb6 17. Be3 Qb7 18. Bg5 Rc6 19. Nh4 Rac8 20. Nf5 Nxc2 21.
Qxc2 b4 22. Nxe7+ Qxe7 23. Nd5 Qa7 24. Qd3 Nxd5 25. Qxd5 Rc2 26. Be3 Qc7 27.
Rxa6 Re2 28. Kf1 Rxb2 29. Rxd6 Rxb3 30. Rd7 Qxd7 31. Qxd7 Rbc3 32. Bd2 R3c7 33.
Qb5 Rc5 34. Qxb4 Rc4 35. Qb7 h6 36. Qb1 Rd4 37. Be3 Rdd8 38. Qb5 f6 39. Qb3+
Kh7 40. Rc1 Rb8 41. Qf7 Rf8 42. Qh5 Rb7 43. Qf5+ g6 44. Qe6 Kg7 45. Rc8 Rff7
46. Qe8 f5 47. Qh8# 1-0

[Event "24th NATO Chess Championship"]
[Site "Rynia"]
[Date "2013.08.14"]
[Round "4.40"]
[White "Reinup, Hannes"]
[Black "Deneyer, Frank"]
[Result "0-1"]
[WhiteElo "1600"]
[BlackElo "1825"]
[PlyCount "94"]
[EventDate "2013.08.??"]
[EventType "swiss"]
[EventRounds "7"]
[EventCountry "POL"]
[WhiteTeam "EST"]
[BlackTeam "NATO"]
[WhiteTeamCountry "EST"]

1. e4 e5 2. Ne2 c5 3. c3 Nf6 4. d4 cxd4 5. cxd4 Nxe4 6. dxe5 Bc5 7. Be3 Bxe3 8.
fxe3 Qa5+ 9. Nbc3 Nc6 10. Qd5 Qxd5 11. Nxd5 O-O 12. O-O-O Nf2 13. Rd2 Nxh1 14.
Nef4 b6 15. Nh3 Bb7 16. Ng5 Rac8 17. Kd1 Rfe8 18. Bd3 h6 19. Bh7+ Kh8 20. Nxf7+
Kxh7 21. Nd6 Ba6 22. Nxc8 Bxc8 23. Nf4 Nxe5 24. b3 Ng4 25. h3 Nxe3+ 26. Kc1 Ng3
27. a4 g5 28. Nd3 Ngf1 29. Rf2 Ba6 30. Nb4 Rc8+ 31. Kb2 Nd1+ 32. Ka3 Nxf2 33.
Nxa6 Ne3 34. g4 Nxh3 35. b4 Nxg4 36. a5 bxa5 37. bxa5 d5 38. Nb4 Ne5 39. a6
Nc4+ 40. Ka2 d4 41. Kb3 Nf4 42. Ka2 d3 43. Nd5 Nxd5 44. Kb3 d2 45. Ka2 Rb8 46.
Ka1 d1=Q+ 47. Ka2 Qb1# 0-1

[Event "24th NATO Chess Championship"]
[Site "Rynia"]
[Date "2013.08.14"]
[Round "4.41"]
[White "Habakuk, Mikk"]
[Black "Stuhr, Finn"]
[Result "0-1"]
[WhiteElo "1500"]
[BlackElo "1737"]
[PlyCount "124"]
[EventDate "2013.08.??"]
[EventType "swiss"]
[EventRounds "7"]
[EventCountry "POL"]
[WhiteTeam "EST"]
[BlackTeam "NATO"]
[WhiteTeamCountry "EST"]

1. e4 e5 2. d4 exd4 3. Qxd4 Nc6 4. Qe3 g6 5. Nc3 Bg7 6. Bd2 Bh6 7. Qe2 Nd4 8.
Qd3 Bxd2+ 9. Qxd2 Nc6 10. a3 d6 11. O-O-O Be6 12. h4 Qe7 13. Qe3 b6 14. Ba6 Ne5
15. f3 Nf6 16. g4 Ned7 17. g5 Nh5 18. f4 Nc5 19. Be2 Ng7 20. h5 O-O-O 21. h6
Ne8 22. Nb5 Kb8 23. Nd4 Bd7 24. Bd3 Kb7 25. Nge2 Nxd3+ 26. Rxd3 c5 27. Nf3 Bb5
28. Rd2 d5 29. e5 Qe6 30. Qb3 Bc4 31. Qe3 d4 32. Qf2 d3 33. cxd3 Bxd3 34. Nc3
Nc7 35. Rhd1 Qf5 36. Ne1 c4 37. Qf3+ Kb8 38. Nxd3 cxd3 39. Rxd3 Rc8 40. Nd5
Nxd5+ 41. Kb1 Nxf4 42. Ka1 Nxd3 43. Qxf5 gxf5 44. Rxd3 Rhg8 45. Rd7 Rc7 46. Rd6
Rxg5 47. Rf6 Rg1+ 48. Ka2 Rf1 49. e6 fxe6 50. Rxe6 f4 51. Re8+ Kb7 52. Rg8 a5
53. Rg7 a4 54. Rxc7+ Kxc7 55. b4 Rf2+ 56. Ka1 Kd6 57. Kb1 Kd5 58. Kc1 Kd4 59.
Kd1 Kd3 60. Ke1 Ra2 61. Kf1 Ke3 62. Ke1 Ra1# 0-1